000 00484ntaaa2200181 4500
003 01
005 20251027202223.0
008 0714s1973 ag 01
040 _aAR-BaBN
_bspa
_cAR-BaBN
_eaacr
_dRIC
082 _a268.0000 L64
100 _aLindhorst, Frank A.
_920691
245 _aCómo enseñar religión en la iglesia local
250 _a1 ed.
260 _aMexico :
_bCasa Unida de Publicaciones,
_c1956
300 _a139 p
650 _aeducación religiosa
_94601
942 _cBK
999 _c17053
_d17053